Pays du Monde avec un L en deuxième lettre - Statistiques

Statistiques générales
  • Ce quiz a été pris 310 fois
  • Le résultat moyen est 4 sur 5
Statistiques - réponses
Réponse % Correct
Albanie
93%
Algérie
87%
Allemagne
83%
Slovaquie
58%
Slovénie
58%
Aucun quiz correspondant
Distribution des résultats
% des personnes avec chaque résultat
Percentile par nombre de réponses
Votre historique - résultats
Vous n’avez pas pris ce quiz